Modern Labor Economics : (Record no. 36313)
[ view plain ]
| 000 -LEADER | |
|---|---|
| fixed length control field | 00546nam a22001817a 4500 |
| 005 - DATE AND TIME OF LATEST TRANSACTION | |
| control field | 20240806122006.0 |
| 008 - FIXED-LENGTH DATA ELEMENTS--GENERAL INFORMATION | |
| fixed length control field | 240806b |||||||| |||| 00| 0 eng d |
| 020 ## - INTERNATIONAL STANDARD BOOK NUMBER | |
| ISBN | 0-321-05052-5 |
| 082 ## - DEWEY DECIMAL CLASSIFICATION NUMBER | |
| Classification number | 331 |
| Item number | EHR-M |
| 245 ## - TITLE STATEMENT | |
| Title | Modern Labor Economics : |
| Remainder of title | theory and public policy/ |
| Statement of responsibility, etc. | Ehrenberg, Ronald.G |
| 250 ## - EDITION STATEMENT | |
| Edition statement | 7th ed. |
| 260 ## - PUBLICATION, DISTRIBUTION, ETC. | |
| Place of Publication | USA; |
| Name of publisher, distributor, etc. | Addison Wesley Longman; |
| Date of publication, distribution, etc. | 2000 |
| 300 ## - PHYSICAL DESCRIPTION | |
| Pages | xix, 651 p.: |
| 500 ## - GENERAL NOTE | |
| General note | Includes Subject index. |
| 650 ## - SUBJECT ADDED ENTRY--TOPICAL TERM | |
| Subject / Department | Social Sciences/Labor Economics |
| 700 ## - ADDED ENTRY--PERSONAL NAME | |
| Personal name | Robert S. Smith |
| 300 ## - PHYSICAL DESCRIPTION | |
| -- | ill; |
| -- | 23.5 cm. |
No items available.
